Music Quiz

Random Music or Singers Quiz

Name the Band/Artist who had these tours (clickable) Quiz Stats

Quiz not verified by Sporcle

Challenge
Share
Tweet
Embed
Score 0/22 Timer 10:00
0 Plays Today
% Correct
Michael Jackson
90.6%
Katy Perry
79.7%
Lady Gaga
75%
U2
70.3%
Beyonce
70.3%
Taylor Swift
70.3%
Justin Timberlake
68.8%
Justin Bieber
59.4%
One Direction
56.3%
One Direction
54.7%
ACDC
54.7%
% Correct
One Direction
53.1%
Pink
53.1%
The Rolling Stones
45.3%
Usher
45.3%
Madonna
40.6%
The Killers
40.6%
The Killers
40.6%
Take That
31.3%
Busted
21.9%
Union J
15.6%
Lawson
9.4%

You're not logged in!

Compare scores with friends on all Sporcle quizzes.
Sign Up with Email
OR
Log In

You Might Also Like...

Show Comments

Extras

Top Quizzes Today


Score Distribution

Your Account Isn't Verified!

In order to create a playlist on Sporcle, you need to verify the email address you used during registration. Go to your Sporcle Settings to finish the process.